[Event "DEM U10/U10w 2009"]
[Site "Willingen GER"]
[Date "2009.05.31"]
[Round "1"]
[White "Weis, Olga"]
[Black "Kim, Yu-Mi"]
[Result "1-0"]
[Termination "normal"]
[Board "38"]
[WhiteElo "1222"]
[BlackElo "824"]
[PlyCount "135"]
[WhiteFideId "1270234"]
[BlackFideId "12955361"]
[EventCountry "GER"]
[EventRounds "11"]
[EventType "swiss"]
[EventDate "2009.05.30"]

1. e4 e5 2. Nf3 Nf6 3. Nc3 Nc6 4. Be2 d5 5. exd5 Nxd5 6. O-O Nxc3 7. dxc3 Qxd1
8. Rxd1 Bd6 9. Be3 O-O 10. h3 Bf5 11. Rac1 h6 12. c4 b6 13. c3 Bc5 14. Bxc5
bxc5 15. Rd5 Rab8 16. b3 Rfe8 17. Rxc5 Rb6 18. Nh4 Bd7 19. Bf3 Re6 20. Rd1 Be8
21. Nf5 e4 22. Bg4 Rg6 23. Rxc6 Rbxc6 24. Ne7+ Kh8 25. Nxg6+ Rxg6 26. Rd8 Rd6
27. Rxe8+ Kh7 28. Re7 Rd2 29. Bf5+ g6 30. Rxf7+ Kg8 31. Bxg6 Rxa2 32. Rxc7 Rc2
33. Bxe4 Rxc3 34. Bd5+ Kf8 35. c5 Ke8 36. Rxa7 Rxc5 37. Bc4 Rc6 38. Kh2 Rb6 39.
f4 Rf6 40. g3 Rd6 41. h4 Rd2+ 42. Kh3 h5 43. g4 hxg4+ 44. Kxg4 Rg2+ 45. Kf5 Rd2
46. h5 Kf8 47. h6 Rd6 48. h7 Rh6 49. h8=Q+ Rxh8 50. Ra8+ Kg7 51. Rxh8 Kxh8 52.
b4 Kg7 53. b5 Kf8 54. b6 Ke7 55. b7 Kd6 56. b8=Q+ Kc6 57. Bd5+ Kxd5 58. Qd8+
Kc4 59. Ke5 Kc3 60. Ke4 Kc4 61. Qc8+ Kb5 62. Kd4 Kb6 63. Kd5 Kb5 64. Qb8+ Ka4
65. Kc5 Ka3 66. Kc4 Ka2 67. Kc3 Ka1 68. Qb2# 1-0

[Event "DEM U10/U10w 2009"]
[Site "Willingen GER"]
[Date "2009.05.31"]
[Round "1"]
[White "Puls, Olivia"]
[Black "Teichmann, Felix"]
[Result "0-1"]
[Termination "normal"]
[Board "39"]
[WhiteElo "822"]
[BlackElo "1211"]
[PlyCount "50"]
[BlackFideId "12927538"]
[EventCountry "GER"]
[EventRounds "11"]
[EventType "swiss"]
[EventDate "2009.05.30"]

1. e4 e5 2. f4 d6 3. Nf3 Nc6 4. Nc3 Nf6 5. Bc4 Be7 6. O-O Be6 7. Bb5 Bd7 8. d3
Nd4 9. Bxd7+ Qxd7 10. f5 d5 11. Nxd4 exd4 12. Nxd5 Nxd5 13. exd5 Qxd5 14. Qg4
g6 15. Bh6 gxf5 16. Rxf5 Qe6 17. Qg7 Rf8 18. Qxh7 O-O-O 19. Bxf8 Rxf8 20. b3
Bf6 21. Raf1 Rh8 22. Rxf6 Qe3+ 23. Kh1 Rxh7 24. Rxf7 Rxf7 25. Rxf7 Qe1+ 0-1

[Event "DEM U10/U10w 2009"]
[Site "Willingen GER"]
[Date "2009.05.31"]
[Round "1"]
[White "Schmidt, Tobias"]
[Black "Wächter, Nathalie"]
[Result "1-0"]
[Termination "normal"]
[Board "40"]
[WhiteElo "1205"]
[BlackElo "804"]
[PlyCount "113"]
[WhiteFideId "1271683"]
[BlackFideId "12921033"]
[EventCountry "GER"]
[EventRounds "11"]
[EventType "swiss"]
[EventDate "2009.05.30"]

1. e4 e5 2. Nf3 Nc6 3. Bc4 Nf6 4. Ng5 d5 5. exd5 Na5 6. Bb5+ Bd7 7. Qe2 Bd6 8.
Bxd7+ Qxd7 9. Nc3 O-O 10. a3 b6 11. b4 Nb7 12. O-O a5 13. b5 h6 14. Nge4 Nxe4
15. Nxe4 f5 16. Nc3 e4 17. Nd1 Qf7 18. c4 Qe7 19. f3 Qe5 20. Nc3 Qxh2+ 21. Kf2
Bc5+ 22. Ke1 Qg3+ 23. Kd1 exf3 24. Rxf3 Qh2 25. Qe6+ Kh8 26. Rxf5 Rxf5 27. Qxf5
Qg1+ 28. Kc2 Qxg2 29. Bb2 Be3 30. Rd1 a4 31. Qe4 Qf2 32. Qxe3 Qxe3 33. dxe3 Nc5
34. d6 cxd6 35. Rxd6 Rb8 36. Nd5 Ne4 37. Rxh6+ Kg8 38. Rxb6 Rf8 39. Kd3 Nc5+
40. Kd4 Nb3+ 41. Ke5 Nd2 42. Rc6 Nf3+ 43. Kd6 Ng5 44. b6 Nf7+ 45. Ke7 Nd8 46.
Rc8 Rf7+ 47. Kxd8 g5 48. Ne7+ Kh7 49. Kd7 Rxe7+ 50. Kxe7 g4 51. Be5 Kg6 52. b7
g3 53. Bxg3 Kg7 54. b8=Q Kg6 55. Qf4 Kh7 56. Qg4 Kh6 57. Rh8# 1-0

[Event "DEM U10/U10w 2009"]
[Site "Willingen GER"]
[Date "2009.05.31"]
[Round "1"]
[White "Rogozenco, Teodora Nana"]
[Black "Oelfke, Nils Lukas"]
[Result "0-1"]
[Termination "normal"]
[Board "41"]
[WhiteElo "798"]
[BlackElo "1196"]
[PlyCount "78"]
[WhiteFideId "12938084"]
[EventCountry "GER"]
[EventRounds "11"]
[EventType "swiss"]
[EventDate "2009.05.30"]

1. d4 Nf6 2. c4 e6 3. Nc3 c5 4. d5 exd5 5. cxd5 d6 6. Bf4 g6 7. e4 a6 8. Bd3 b5
9. a3 Qb6 10. b4 Bg7 11. Nf3 Nh5 12. Bd2 O-O 13. O-O c4 14. Be2 Nd7 15. Be3 Qc7
16. Qd2 Re8 17. Bd4 Nhf6 18. Qc2 Nf8 19. h3 Qe7 20. Nd2 N8d7 21. Bd1 Ne5 22.
Be2 Bb7 23. Rae1 Qc7 24. Bd1 Ned7 25. Re2 Re7 26. Rfe1 Rae8 27. f3 Nb6 28. Rf2
Nfd7 29. Bxg7 Kxg7 30. Nf1 Nxd5 31. Qb2 Nxc3 32. Qxc3+ Kg8 33. Bb3 d5 34. Rfe2
dxe4 35. Qc2 Qb6+ 36. Kh1 cxb3 37. Qxb3 exf3 38. Rxe7 fxg2+ 39. Kh2 g1=Q# 0-1

[Event "DEM U10/U10w 2009"]
[Site "Willingen GER"]
[Date "2009.05.31"]
[Round "1"]
[White "Boes, Julian"]
[Black "Riewe, Jana"]
[Result "1-0"]
[Termination "normal"]
[Board "42"]
[WhiteElo "1186"]
[BlackElo "779"]
[PlyCount "81"]
[WhiteFideId "12907723"]
[EventCountry "GER"]
[EventRounds "11"]
[EventType "swiss"]
[EventDate "2009.05.30"]

1. e4 e5 2. Nf3 Nc6 3. Bb5 Bd6 4. O-O Nf6 5. Nc3 O-O 6. d4 exd4 7. Nxd4 h6 8.
Re1 Re8 9. Bxc6 dxc6 10. Nxc6 bxc6 11. e5 Bc5 12. Qxd8 Rxd8 13. exf6 g5 14. Be3
Bb6 15. a3 a5 16. Rad1 Bd7 17. Bxb6 cxb6 18. Re7 Ra7 19. Rd6 Rc7 20. Ne2 Rb7
21. Nd4 Rc8 22. Rexd7 Rxd7 23. Rxd7 Re8 24. Kf1 c5 25. Nf5 b5 26. Nxh6+ Kh8 27.
Nxf7+ Kg8 28. Nxg5 Rf8 29. f7+ Kh8 30. Ne6 Rc8 31. f8=Q+ Rxf8 32. Nxf8 b4 33.
Ne6 bxa3 34. bxa3 c4 35. f4 a4 36. f5 c3 37. f6 Kg8 38. f7+ Kh7 39. f8=Q+ Kg6
40. Rg7+ Kh6 41. Qh8# 1-0

[Event "DEM U10/U10w 2009"]
[Site "Willingen GER"]
[Date "2009.05.31"]
[Round "1"]
[White "Gheng, Christian"]
[Black "Wallat, Jessica"]
[Result "1-0"]
[Termination "normal"]
[Board "45"]
[WhiteElo "1386"]
[BlackElo "1045"]
[PlyCount "47"]
[WhiteFideId "24660345"]
[BlackFideId "12909637"]
[EventCountry "GER"]
[EventRounds "11"]
[EventType "swiss"]
[EventDate "2009.05.30"]

1. e4 e5 2. Nf3 Nf6 3. Nxe5 d6 4. Nf3 Nxe4 5. d4 Be7 6. Bd3 d5 7. O-O Bg4 8. h3
Bh5 9. Re1 Nf6 10. Bg5 O-O 11. Qe2 Nc6 12. Qe3 h6 13. Bxh6 gxh6 14. Qxh6 Bxf3
15. gxf3 Nxd4 16. Qg5+ Kh8 17. Qh4+ Kg7 18. Qxd4 c5 19. Qe3 Bd6 20. Qg5+ Kh8
21. Qh6+ Kg8 22. Kh1 Qd7 23. Rg1+ Ng4 24. Qh7# 1-0

[Event "DEM U10/U10w 2009"]
[Site "Willingen GER"]
[Date "2009.05.31"]
[Round "2"]
[White "Dürr, Florian"]
[Black "Gungl, Theo"]
[Result "0-1"]
[Termination "normal"]
[Board "1"]
[WhiteElo "1649"]
[BlackElo "1681"]
[PlyCount "96"]
[WhiteFideId "24659134"]
[BlackFideId "24695653"]
[EventCountry "GER"]
[EventRounds "11"]
[EventType "swiss"]
[EventDate "2009.05.30"]

1. e4 c6 2. d4 d5 3. e5 Bf5 4. Bd3 Bxd3 5. Qxd3 e6 6. Nf3 Nd7 7. O-O c5 8. c3
cxd4 9. cxd4 Bb4 10. a3 Ba5 11. b4 Bb6 12. Nc3 Ne7 13. Be3 O-O 14. Ng5 Ng6 15.
f4 h6 16. Nf3 a6 17. Nd2 Rc8 18. Rac1 Qe7 19. Na4 Ba7 20. Nb3 Nb6 21. Nxb6 Bxb6
22. g3 Qd7 23. Nc5 Bxc5 24. dxc5 Rfd8 25. Bd4 Ne7 26. Rc2 Qa4 27. Rc3 Nc6 28.
Rfc1 a5 29. Rb1 axb4 30. axb4 Nxb4 31. Qf3 Nc6 32. Bf2 d4 33. Ra3 Qc2 34. Rxb7
d3 35. Ra1 Rd5 36. Rbb1 d2 37. Rd1 Rcd8 38. Qe2 Nb4 39. Be3 Na2 40. Rxa2 Qxa2
41. Kf2 Qc2 42. c6 Qxc6 43. Rxd2 Rxd2 44. Bxd2 Qd5 45. Be3 Ra8 46. Qf1 Ra3 47.
Qb1 Ra2+ 48. Ke1 Qh1+ 0-1

[Event "DEM U10/U10w 2009"]
[Site "Willingen GER"]
[Date "2009.05.31"]
[Round "2"]
[White "Kaplun, David"]
[Black "Petrashov, Alexander"]
[Result "0-1"]
[Termination "normal"]
[Board "2"]
[WhiteElo "1312"]
[BlackElo "1613"]
[PlyCount "80"]
[WhiteFideId "12901954"]
[BlackFideId "24662461"]
[EventCountry "GER"]
[EventRounds "11"]
[EventType "swiss"]
[EventDate "2009.05.30"]

1. d4 Nf6 2. c4 g6 3. Nc3 Bg7 4. e4 d6 5. Bd3 Nbd7 6. Bg5 e5 7. d5 h6 8. Be3
Qe7 9. f3 Nh5 10. Qd2 Nc5 11. Bc2 g5 12. Nge2 Nf4 13. Nxf4 gxf4 14. Bxc5 dxc5
15. Nb5 a6 16. d6 Qh4+ 17. Ke2 axb5 18. dxc7 bxc4 19. Rad1 Bf6 20. g3 fxg3 21.
hxg3 Qg5 22. f4 exf4 23. Kf1 fxg3 24. Kg2 Qxd2+ 25. Rxd2 c3 26. bxc3 Bxc3 27.
Rd5 Bd4 28. e5 Ke7 29. e6 fxe6 30. Rdh5 Rxa2 31. Kxg3 Rxc2 32. Rxh6 Rc3+ 33.
Kg2 Rg8+ 34. Kf1 Rc1+ 35. Ke2 Rg2+ 36. Kf3 Rf2+ 37. Ke4 Rxh1 38. Rxh1 Kd6 39.
Kd3 Kd5 40. Rh8 c4# 0-1

[Event "DEM U10/U10w 2009"]
[Site "Willingen GER"]
[Date "2009.05.31"]
[Round "2"]
[White "Bauer, Björn-Benny"]
[Black "Fabiunke, Jakob"]
[Result "1-0"]
[Termination "normal"]
[Board "3"]
[WhiteElo "1603"]
[BlackElo "1289"]
[PlyCount "51"]
[WhiteFideId "24698741"]
[BlackFideId "24686085"]
[EventCountry "GER"]
[EventRounds "11"]
[EventType "swiss"]
[EventDate "2009.05.30"]

1. d4 d5 2. c4 e6 3. Nf3 Nf6 4. Nc3 Nc6 5. Bg5 Bb4 6. e3 h6 7. Bh4 Bd7 8. cxd5
exd5 9. Bd3 Qe7 10. O-O Bxc3 11. bxc3 g5 12. Bg3 O-O-O 13. Rb1 Ne4 14. Qc2 h5
15. Rfc1 h4 16. Be5 Nxe5 17. Nxe5 g4 18. Qe2 b6 19. Ba6+ Kb8 20. c4 dxc4 21.
Qxc4 Rc8 22. Bxc8 Rxc8 23. Qd5 Nd6 24. e4 f6 25. Nxd7+ Qxd7 26. e5 1-0

[Event "DEM U10/U10w 2009"]
[Site "Willingen GER"]
[Date "2009.05.31"]
[Round "2"]
[White "Ovsepyan, Arshak"]
[Black "Schamschurko, André"]
[Result "1-0"]
[Termination "time forfeit"]
[Board "4"]
[WhiteElo "1863"]
[BlackElo "1282"]
[PlyCount "79"]
[WhiteFideId "24690236"]
[BlackFideId "24695670"]
[EventCountry "GER"]
[EventRounds "11"]
[EventType "swiss"]
[EventDate "2009.05.30"]

1. e4 e5 2. Nf3 Nc6 3. Bc4 Nf6 4. d3 Be7 5. c3 d6 6. Be3 O-O 7. Nbd2 Re8 8. O-O
Bd7 9. b4 a6 10. Qb3 Rf8 11. Ng5 Qe8 12. a4 h6 13. Ngf3 Qc8 14. d4 Bg4 15. Nh4
Nxe4 16. Ng6 Nxd2 17. Bxd2 Rd8 18. Bxf7+ Kh7 19. d5 Bf5 20. dxc6 Bxg6 21. Be6
Qb8 22. Bd5 b6 23. Be3 Rf8 24. a5 b5 25. h3 Qe8 26. Qb2 Bf6 27. Qd2 Qe7 28.
Rae1 Rae8 29. c4 Rb8 30. cxb5 Rxb5 31. Bc4 Rbb8 32. Bxa6 Qe6 33. Bb7 d5 34. Bc5
Rfd8 35. a6 Rxb7 36. axb7 Qxc6 37. Ra1 Qxb7 38. Ra7 Qc6 39. Rfa1 d4 40. R1a6
1-0

[Event "DEM U10/U10w 2009"]
[Site "Willingen GER"]
[Date "2009.05.31"]
[Round "2"]
[White "Nobis, Anna"]
[Black "Reimers, Juri"]
[Result "1-0"]
[Termination "normal"]
[Board "5"]
[WhiteElo "1269"]
[BlackElo "1503"]
[PlyCount "47"]
[WhiteFideId "1270302"]
[BlackFideId "24661511"]
[EventCountry "GER"]
[EventRounds "11"]
[EventType "swiss"]
[EventDate "2009.05.30"]

1. e4 d5 2. exd5 Qxd5 3. Nc3 Qd6 4. Nf3 Nf6 5. Be2 a6 6. d3 b5 7. a3 Bb7 8. Be3
e6 9. O-O Be7 10. Qd2 Nbd7 11. Bf4 Qb6 12. Ne5 c5 13. Nxd7 Nxd7 14. Ne4 h6 15.
b4 f5 16. Bh5+ Kf8 17. Ng3 g5 18. Be3 f4 19. Bxc5 Bxc5 20. bxc5 Nxc5 21. Qc3
Rh7 22. Qf6+ Kg8 23. Bg6 Rd7 24. Nf5 1-0

[Event "DEM U10/U10w 2009"]
[Site "Willingen GER"]
[Date "2009.05.31"]
[Round "2"]
[White "Graf, Clara Victoria"]
[Black "Mager, Denis"]
[Result "1/2-1/2"]
[Termination "normal"]
[Board "6"]
[WhiteElo "1255"]
[BlackElo "1497"]
[PlyCount "136"]
[WhiteFideId "1270339"]
[BlackFideId "24691127"]
[EventCountry "GER"]
[EventRounds "11"]
[EventType "swiss"]
[EventDate "2009.05.30"]

1. e4 e6 2. d4 b6 3. Nc3 Bb7 4. Bd3 Bb4 5. Nf3 Nf6 6. Bg5 h6 7. Bxf6 Qxf6 8.
Qd2 Nc6 9. a3 Bxc3 10. Qxc3 Rc8 11. b4 a6 12. Qb2 O-O 13. c4 d6 14. O-O Nd8 15.
a4 c5 16. b5 a5 17. e5 dxe5 18. Nxe5 Qg5 19. f3 Qe7 20. dxc5 Qxc5+ 21. Kh1 Rc7
22. Rfe1 Qe7 23. Qd4 Bc8 24. Qxb6 Nb7 25. Nc6 Qd6 26. Qe3 Bd7 27. Ne5 Nc5 28.
Red1 Qb6 29. Bc2 Nxa4 30. Qxb6 Nxb6 31. Nxd7 Nxd7 32. Bb3 Nb6 33. Rdc1 Rfc8 34.
Rxa5 Nxc4 35. Rxc4 Rxc4 36. Bxc4 Rxc4 37. h3 Rb4 38. Kg1 Kf8 39. Kf2 Ke7 40.
Ke3 f5 41. Kd3 Rb2 42. g4 Rb3+ 43. Kc4 Rb1 44. Kc5 Rc1+ 45. Kb6 fxg4 46. hxg4
Kd6 47. Ka6 Kc7 48. b6+ Kb8 49. Re5 Ra1+ 50. Kb5 Rb1+ 51. Kc6 Rc1+ 52. Rc5 Rd1
53. Ra5 Rc1+ 54. Kd6 Kb7 55. Ra7+ Kxb6 56. Rxg7 Rc6+ 57. Ke7 Rc3 58. Rg6 Rxf3
59. Rxe6+ Kc5 60. Rxh6 Re3+ 61. Kf6 Rf3+ 62. Kg7 Rg3 63. Rh4 Kd5 64. Kh6 Ke6
65. g5 Kf5 66. Rh5 Rg2 67. Rh3 Rxg5 68. Rf3+ Kg4 1/2-1/2

[Event "DEM U10/U10w 2009"]
[Site "Willingen GER"]
[Date "2009.05.31"]
[Round "2"]
[White "Scholz, Robert"]
[Black "Baberz, Alexander"]
[Result "1/2-1/2"]
[Termination "normal"]
[Board "7"]
[WhiteElo "1497"]
[BlackElo "1268"]
[PlyCount "40"]
[WhiteFideId "1270301"]
[BlackFideId "12921734"]
[EventCountry "GER"]
[EventRounds "11"]
[EventType "swiss"]
[EventDate "2009.05.30"]

1. e4 c5 2. Nc3 Nc6 3. Bc4 e6 4. d3 d6 5. f4 g6 6. Nf3 Bg7 7. O-O Nge7 8. Qe1
O-O 9. Qh4 d5 10. Bb3 f6 11. a3 Na5 12. Ba2 a6 13. a4 Kh8 14. Bd2 Nac6 15. Kh1
b6 16. Rae1 Qd6 17. Ng1 Nd4 18. Rc1 Bb7 19. Be1 Qc6 20. Nf3 dxe4 1/2-1/2

[Event "DEM U10/U10w 2009"]
[Site "Willingen GER"]
[Date "2009.05.31"]
[Round "2"]
[White "Kasel, Mario"]
[Black "Lagunow, Raphael"]
[Result "0-1"]
[Termination "normal"]
[Board "8"]
[WhiteElo "1234"]
[BlackElo "1491"]
[PlyCount "114"]
[WhiteFideId "24660957"]
[BlackFideId "24652644"]
[EventCountry "GER"]
[EventRounds "11"]
[EventType "swiss"]
[EventDate "2009.05.30"]

1. e4 c5 2. Nf3 Nc6 3. Bc4 e6 4. Nc3 Nf6 5. d3 Be7 6. Bf4 d6 7. O-O O-O 8. Qd2
d5 9. Bb3 dxe4 10. Nxe4 Nxe4 11. dxe4 Qxd2 12. Nxd2 e5 13. Be3 Kh8 14. f4 exf4
15. Bxf4 Nd4 16. Rae1 Nxb3 17. Nxb3 Be6 18. Re3 c4 19. Nd4 Bc5 20. c3 Rad8 21.
Rd1 Rd7 22. Rg3 Rfd8 23. Be3 Bd6 24. Rg5 Be7 25. Rg3 Bh4 26. Bg5 Bxg3 27. Bxd8
Bxh2+ 28. Kxh2 Rxd8 29. Rf1 Kg8 30. Rd1 f6 31. Re1 Kf7 32. Kg3 Re8 33. Nb5 Kf8
34. e5 Bd7 35. Nd6 Rxe5 36. Rxe5 fxe5 37. Nxc4 e4 38. Kf4 Ke7 39. Ne5 Bc6 40.
Nxc6+ bxc6 41. Kxe4 Ke6 42. b4 h5 43. c4 g5 44. a4 h4 45. c5 a6 46. a5 g4 47.
Kf4 h3 48. gxh3 gxh3 49. Kg3 Kd5 50. Kxh3 Kc4 51. Kg4 Kxb4 52. Kf4 Kxc5 53. Ke4
Kb5 54. Kd4 Kxa5 55. Kc5 Ka4 56. Kxc6 Kb4 57. Kb6 a5 0-1

[Event "DEM U10/U10w 2009"]
[Site "Willingen GER"]
[Date "2009.05.31"]
[Round "2"]
[White "Kollars, Dmitrij"]
[Black "Gschnitzer, Adrian"]
[Result "0-1"]
[Termination "normal"]
[Board "9"]
[WhiteElo "1465"]
[BlackElo "1253"]
[PlyCount "114"]
[WhiteFideId "12909572"]
[BlackFideId "1270337"]
[EventCountry "GER"]
[EventRounds "11"]
[EventType "swiss"]
[EventDate "2009.05.30"]

1. e4 c5 2. Nf3 Nc6 3. d4 cxd4 4. Nxd4 g6 5. c4 Bg7 6. Be3 Nf6 7. Nc3 d6 8. Be2
O-O 9. O-O Qb6 10. Ne6 Qxb2 11. Na4 Qa3 12. Nxf8 Nxe4 13. Rb1 Kxf8 14. Qc2 Bf5
15. Bc1 Nc5 16. Bxa3 Bxc2 17. Nxc5 Bxb1 18. Nd7+ Ke8 19. Rxb1 b6 20. Nxb6 axb6
21. Bb2 Rxa2 22. Bxg7 Rxe2 23. Kf1 Rc2 24. Rxb6 Rxc4 25. Ra6 f6 26. Ke2 Ne5 27.
Bxf6 exf6 28. Rxd6 Ke7 29. Rd2 Re4+ 30. Kf1 Nc4 31. Rc2 Kd6 32. Rc1 Kc5 33. Rd1
Kb4 34. g3 f5 35. Rd7 h5 36. Rd3 Ne5 37. Rd6 g5 38. Rh6 h4 39. gxh4 Rxh4 40.
Rxh4+ gxh4 41. Ke2 h3 42. Ke3 Ng4+ 43. Kf4 Nxh2 44. Kg3 Ng4 45. f3 Ne5 46. Kxh3
Nxf3 47. Kg3 Nd4 48. Kf4 Kc3 49. Kg3 Ne6 50. Kf3 Kd3 51. Kf2 Nd4 52. Kf1 f4 53.
Kf2 f3 54. Kf1 Ke3 55. Ke1 f2+ 56. Kf1 Nf5 57. Kg2 Ke2 0-1

[Event "DEM U10/U10w 2009"]
[Site "Willingen GER"]
[Date "2009.05.31"]
[Round "2"]
[White "Brandl, Lea Maria"]
[Black "Flüchter, Gregor"]
[Result "1-0"]
[Termination "normal"]
[Board "10"]
[WhiteElo "1438"]
[BlackElo "1226"]
[PlyCount "99"]
[WhiteFideId "24693049"]
[BlackFideId "12903396"]
[EventCountry "GER"]
[EventRounds "11"]
[EventType "swiss"]
[EventDate "2009.05.30"]

1. d4 d5 2. c4 e6 3. Nc3 Nf6 4. Nf3 c6 5. Bg5 Nbd7 6. e3 Qa5 7. Nd2 Bb4 8. Qc2
O-O 9. Bxf6 Nxf6 10. Nb3 Qc7 11. Bd3 dxc4 12. Bxc4 b5 13. Be2 Bb7 14. O-O Rac8
15. Rac1 a6 16. a3 Bd6 17. h3 Rfd8 18. e4 Be7 19. e5 Nd5 20. Nxd5 Rxd5 21. Qe4
c5 22. Qg4 Qb6 23. dxc5 Bxc5 24. Qg3 Bd4 25. Rxc8+ Bxc8 26. Rc1 Bb7 27. Nxd4
Rxd4 28. Qe3 Qd8 29. Bf3 Bxf3 30. Qxd4 Bd5 31. Qc5 Bb7 32. Qc7 Qa8 33. Qd7 g6
34. Rc7 Kg7 35. Qxf7+ Kh6 36. Qxh7+ Kg5 37. Rxb7 Qd8 38. h4+ Kf5 39. Rf7+ Kxe5
40. Qxg6 Qd1+ 41. Kh2 Qd6 42. Qg3+ Kd5 43. Qxd6+ Kxd6 44. h5 Kd5 45. h6 Kc4 46.
h7 Kb3 47. h8=Q Ka4 48. Qd4+ Ka5 49. Rb7 e5 50. Qb4# 1-0

[Event "DEM U10/U10w 2009"]
[Site "Willingen GER"]
[Date "2009.05.31"]
[Round "2"]
[White "Teichmann, Felix"]
[Black "Hemprich, Iustus"]
[Result "1-0"]
[Termination "normal"]
[Board "11"]
[WhiteElo "1211"]
[BlackElo "1420"]
[PlyCount "75"]
[WhiteFideId "12927538"]
[EventCountry "GER"]
[EventRounds "11"]
[EventType "swiss"]
[EventDate "2009.05.30"]

1. e4 c5 2. Nf3 Nc6 3. Bc4 d6 4. d3 Nf6 5. c3 e6 6. d4 cxd4 7. cxd4 d5 8. exd5
exd5 9. Bb5 Bd6 10. O-O O-O 11. Bg5 h6 12. Bh4 a6 13. Ba4 b5 14. Bc2 Bg4 15. h3
Bxf3 16. gxf3 g5 17. Bg3 Bxg3 18. fxg3 Qb6 19. Rf2 Qxd4 20. Qe2 Rfe8 21. Qf1
Re3 22. Nd2 Rae8 23. Nb3 Qe5 24. f4 gxf4 25. gxf4 Qe7 26. Qg2+ Kh8 27. Kh1 Ne4
28. Bxe4 Qxe4 29. Qxe4 R8xe4 30. Nc5 Re1+ 31. Rxe1 Rxe1+ 32. Kg2 a5 33. Rd2 d4
34. Kf2 Re3 35. Rd1 Kg7 36. Nd7 Re7 37. Rg1+ Kh8 38. Nf6 1-0

[Event "DEM U10/U10w 2009"]
[Site "Willingen GER"]
[Date "2009.05.31"]
[Round "2"]
[White "Schmekel, Florian"]
[Black "Weis, Olga"]
[Result "1-0"]
[Termination "normal"]
[Board "12"]
[WhiteElo "1410"]
[BlackElo "1222"]
[PlyCount "39"]
[WhiteFideId "12913456"]
[BlackFideId "1270234"]
[EventCountry "GER"]
[EventRounds "11"]
[EventType "swiss"]
[EventDate "2009.05.30"]

1. d4 d5 2. c4 e6 3. Nc3 Nf6 4. cxd5 Nxd5 5. e4 Nxc3 6. bxc3 Be7 7. f4 O-O 8.
Nf3 Bd7 9. Bd3 c5 10. O-O f6 11. Qb3 b6 12. Bc4 Kh8 13. Bxe6 Nc6 14. Qd5 Bxe6
15. Qxe6 Rc8 16. d5 Na5 17. Nh4 Nc4 18. Rf3 Bd6 19. Ng6+ hxg6 20. Rh3# 1-0

[Event "DEM U10/U10w 2009"]
[Site "Willingen GER"]
[Date "2009.05.31"]
[Round "2"]
[White "Spitzl, Vinzent"]
[Black "Schmidt, Tobias"]
[Result "1-0"]
[Termination "normal"]
[Board "13"]
[WhiteElo "1382"]
[BlackElo "1205"]
[PlyCount "71"]
[WhiteFideId "12901253"]
[BlackFideId "1271683"]
[EventCountry "GER"]
[EventRounds "11"]
[EventType "swiss"]
[EventDate "2009.05.30"]

1. d4 d5 2. c4 dxc4 3. e3 Nf6 4. Bxc4 e6 5. Nc3 a6 6. Nf3 c5 7. d5 b5 8. Be2
Nxd5 9. Nxd5 Qxd5 10. Nd2 Qxg2 11. Bf3 Qxh1+ 12. Bxh1 Ra7 13. Qe2 Rc7 14. Nf3
Bb7 15. e4 Re7 16. Bf4 Nc6 17. Bd6 Rd7 18. Bxf8 Rxf8 19. Rd1 Re7 20. Qc2 c4 21.
Qc3 f6 22. Nd4 Ne5 23. b3 f5 24. Qe3 cxb3 25. axb3 f4 26. Qe2 g6 27. Bg2 Ref7
28. Bh3 f3 29. Qc2 Rf4 30. Kf1 Rxe4 31. Bxe6 Rh4 32. h3 Rff4 33. Qc5 Re4 34.
Qd6 Rhf4 35. Nf5 Nc6 36. Ng7# 1-0

[Event "DEM U10/U10w 2009"]
[Site "Willingen GER"]
[Date "2009.05.31"]
[Round "2"]
[White "Stobbe, Frederik"]
[Black "Rempe, Moritz"]
[Result "0-1"]
[Termination "normal"]
[Board "14"]
[WhiteElo "1185"]
[BlackElo "1362"]
[PlyCount "70"]
[BlackFideId "12906867"]
[EventCountry "GER"]
[EventRounds "11"]
[EventType "swiss"]
[EventDate "2009.05.30"]

1. e4 e6 2. d4 d5 3. e5 c5 4. c3 Qb6 5. a3 a5 6. Nf3 Nc6 7. Nbd2 Bd7 8. Nb3
cxd4 9. cxd4 a4 10. Nbd2 Nxd4 11. Nxd4 Qxd4 12. Nf3 Qxd1+ 13. Kxd1 Bc5 14. Ke1
Ne7 15. Bd3 O-O 16. Bg5 h6 17. Bxe7 Bxe7 18. Rc1 Rac8 19. Ke2 f6 20. Bg6 Bb5+
21. Kd2 Rxc1 22. Rxc1 fxe5 23. Rc7 Bd6 24. Rxb7 Bc4 25. Rd7 Bc5 26. Nxe5 Rxf2+
27. Kc3 Bb5 28. Rd8+ Rf8 29. Bf7+ Kh7 30. Bg6+ Kh8 31. Nf7+ Kg8 32. Rxf8+ Kxf8
33. b4 axb3 34. Ne5 Bxa3 35. Kxb3 Bd6 0-1

[Event "DEM U10/U10w 2009"]
[Site "Willingen GER"]
[Date "2009.05.31"]
[Round "2"]
[White "Peter, Anton"]
[Black "Boes, Julian"]
[Result "0-1"]
[Termination "normal"]
[Board "15"]
[WhiteElo "1359"]
[BlackElo "1186"]
[PlyCount "76"]
[WhiteFideId "12901660"]
[BlackFideId "12907723"]
[EventCountry "GER"]
[EventRounds "11"]
[EventType "swiss"]
[EventDate "2009.05.30"]

1. c4 e5 2. g3 Nf6 3. Bg2 c6 4. Nc3 d5 5. cxd5 cxd5 6. e3 Bb4 7. Nge2 O-O 8.
O-O Nc6 9. Qb3 Be6 10. d4 e4 11. Nf4 Bxc3 12. bxc3 b6 13. Ba3 Re8 14. Nxe6 Rxe6
15. Rae1 Na5 16. Qc2 Nc4 17. Bc1 Qd6 18. Bd2 Qa3 19. Rb1 Rc6 20. Rb3 Qd6 21.
Rc1 Rac8 22. Bf1 Nxd2 23. Qxd2 Ne8 24. Qb2 f5 25. Ra3 Qe7 26. Qb5 Qxa3 27.
Qxd5+ Kh8 28. Qxf5 Nd6 29. Qf4 Qxc1 30. Kg2 Qd1 31. Qg5 Qf3+ 32. Kg1 Rf8 33.
Qf4 Rxf4 34. exf4 Rxc3 35. a4 Rc1 36. d5 Qe2 37. h4 Qxf1+ 38. Kh2 Qh1# 0-1

[Event "DEM U10/U10w 2009"]
[Site "Willingen GER"]
[Date "2009.05.31"]
[Round "2"]
[White "Krüger, David"]
[Black "Bachem, Oliver"]
[Result "1-0"]
[Termination "normal"]
[Board "16"]
[WhiteElo "1094"]
[BlackElo "1349"]
[PlyCount "83"]
[WhiteFideId "12921858"]
[BlackFideId "12940186"]
[EventCountry "GER"]
[EventRounds "11"]
[EventType "swiss"]
[EventDate "2009.05.30"]

1. d4 Nf6 2. c4 g6 3. Nc3 Bg7 4. e4 d6 5. Bf4 O-O 6. Nf3 Bg4 7. Be2 Nbd7 8. O-O
Bxf3 9. Bxf3 c6 10. Qd2 Nb6 11. b3 a5 12. Bh6 Rc8 13. Bxg7 Kxg7 14. Ne2 Nbd7
15. Rfe1 e5 16. d5 cxd5 17. cxd5 b6 18. b4 axb4 19. Qxb4 Nc5 20. Red1 Ra8 21.
Rab1 Nfd7 22. Nc3 f5 23. exf5 Rxf5 24. Qb5 Qg5 25. Kh1 Rc8 26. Qb2 Qe7 27. Bg4
Rg5 28. Bxd7 Nxd7 29. f3 Rh5 30. Ne4 Rb8 31. Qa3 Nc5 32. Nxc5 dxc5 33. d6 Qd7
34. Qe3 e4 35. fxe4 Rb7 36. Qc3+ Kh6 37. Qf3 Qe6 38. Qf8+ Kg5 39. Rd5+ Kh4 40.
Qf4+ Qg4 41. g3+ Kh3 42. Qf1# 1-0